[Event "Harrogate 4NCL op-B 31st"]
[Site "Harrogate"]
[Date "2024.01.19"]
[Round "1"]
[White "Cuaresma, Gerald"]
[Black "Tomlinson, Zak"]
[Result "1-0"]
[WhiteElo "1929"]
[BlackElo "1782"]
[PlyCount "79"]
[EventDate "2024.01.19"]
[EventType "swiss"]
[EventRounds "5"]
[EventCountry "ENG"]
[SourceTitle "CB06_2024"]
[SourceDate "2024.02.07"]
[SourceVersion "1"]
[SourceVersionDate "2024.02.07"]
[SourceQuality "1"]

1. d4 Nf6 2. Bg5 Ne4 3. h4 h6 4. Bf4 d5 5. Nd2 Nf6 6. e3 Bf5 7. c4 e6 8. Qb3 b6 9. Qa4+ Nbd7 10. Be5 Be7 11. cxd5 exd5 12. Qc6 0-0 13. Bxc7 Qc8 14. Rc1 Ne8 15. Qxd5 Be6 16. Qc6 Qxc7 17. Qxc7 Nxc7 18. Rxc7 Rfc8 19. Rxc8+ Rxc8 20. Kd1 Bxa2 21. Ba6 Rc7 22. b3 Bb4 23. Ngf3 Rc3 24. Ke2 Rc2 25. Bd3 Rb2 26. Rc1 Bxb3 27. Rc7 Be6 28. Rxa7 Bg4 29. Kf1 Bxd2 30. Nh2 Be6 31. d5 Nf8 32. dxe6 Nxe6 33. Ra8+ Nf8 34. Rb8 g6 35. Ng4 h5 36. Ne5 Kg7 37. Rb7 Bc3 38. Nxf7 Kf6 39. Ng5 Be5 40. Rf7# 1-0

[Event "Leamington Spa 4NCL op-B 28th"]
[Site "Leamington Spa"]
[Date "2022.07.10"]
[Round "4"]
[White "Dean, Robert A"]
[Black "Tomlinson, Zak"]
[Result "1/2-1/2"]
[WhiteElo "1843"]
[BlackElo "1847"]
[PlyCount "65"]
[EventDate "2022.07.08"]
[EventType "swiss"]
[EventRounds "5"]
[EventCountry "ENG"]
[SourceTitle "CBM 209 Extra"]
[Source "ChessBase"]
[SourceDate "2022.09.30"]
[SourceVersion "1"]
[SourceVersionDate "2022.09.30"]
[SourceQuality "1"]

1. e4 e5 2. Nf3 Nc6 3. Bb5 a6 4. Ba4 Nf6 5. 0-0 b5 6. Bb3 Be7 7. Re1 0-0 8. a4 Bb7 9. c3 d6 10. d4 exd4 11. cxd4 Qd7 12. Nc3 b4 13. Nd5 a5 14. Bf4 Nd8 15. Nxe7+ Qxe7 16. e5 dxe5 17. Nxe5 Ne6 18. Nxf7 Bd5 19. Ng5 Ra6 20. Bxc7 h6 21. Nxe6 Rxe6 22. Be5 Bxb3 23. Qxb3 Kh8 24. f3 Rd8 25. Rac1 Rxd4 26. Rc8+ Kh7 27. Qc2+ g6 28. Rc7 Rd7 29. Rxd7 Nxd7 30. f4 Nxe5 31. Rxe5 Rxe5 32. fxe5 Qxe5 33. g3 1/2-1/2

[Event "Harrogate 4NCL op-B 27th"]
[Site "Harrogate"]
[Date "2022.01.22"]
[Round "2"]
[White "Nwachukwu, Chino"]
[Black "Tomlinson, Zak"]
[Result "1-0"]
[WhiteElo "1960"]
[BlackElo "1827"]
[PlyCount "57"]
[EventDate "2022.01.21"]
[EventType "swiss"]
[EventRounds "5"]
[EventCountry "ENG"]
[SourceTitle "CBM 206 Extra"]
[Source "ChessBase"]
[SourceDate "2022.03.31"]
[SourceVersion "1"]
[SourceVersionDate "2022.03.31"]
[SourceQuality "1"]

1. e4 e5 2. Nf3 Nc6 3. Bb5 a6 4. Ba4 Nf6 5. 0-0 b5 6. Bb3 Bc5 7. c3 d6 8. d4 exd4 9. cxd4 Bb6 10. h3 h6 11. Nc3 0-0 12. Re1 Bb7 13. Be3 Na5 14. d5 Bxe3 15. Rxe3 b4 16. Ne2 Re8 17. Ng3 Bc8 18. Ba4 Bd7 19. Rc1 Rc8 20. Nd4 Re7 21. Bxd7 Qxd7 22. Qd2 Rb8 23. a3 Qa4 24. Ndf5 Rd7 25. Qd4 Rb7 26. Nxg7 Nb3 27. Qxf6 bxa3 28. N7f5 Nxc1 29. Qg7# 1-0

[Event "Harrogate 4NCL op 24th"]
[Site "Harrogate"]
[Date "2020.01.18"]
[Round "2"]
[White "Tomlinson, Zak"]
[Black "Samarashinghe Jude, Ranga"]
[Result "0-1"]
[WhiteElo "1745"]
[BlackElo "1895"]
[PlyCount "30"]
[EventDate "2020.01.17"]
[EventType "swiss"]
[EventRounds "5"]
[EventCountry "ENG"]
[SourceTitle "CBM 195 Extra"]
[Source "ChessBase"]
[SourceDate "2020.05.31"]
[SourceVersion "1"]
[SourceVersionDate "2020.05.31"]
[SourceQuality "1"]

1. d4 f5 2. c4 e6 3. Nc3 Nf6 4. Nf3 d5 5. e3 c6 6. Bd3 Bd6 7. Bd2 0-0 8. cxd5 exd5 9. Qc2 Ne4 10. Bxe4 fxe4 11. Ng1 Qg5 12. g3 Na6 13. a3 Qf6 14. Nd1 Bg4 15. Ne2 Bxe2 0-1